LEADER 01102nam0-22003251i-450- 001 990001850410403321 005 20080109095717.0 035 $a000185041 035 $aFED01000185041 035 $a(Aleph)000185041FED01 035 $a000185041 100 $a20030910d1998----km-y0itay50------ba 101 0 $aita 102 $aIT 105 $ay-------001yy 200 1 $aStruttura e periodismo del popolamento a Bangia atropurpurea (Bangiales, Rhodophyta) in due stazioni della Sicilia orientale$fGiuseppina Alongi 210 $aCatania$c[s.n.]$d1998 215 $ap. 149-165$d30 cm 300 $aEstr. da: Bollettino Accademia Gioenia di Scienze Naturali, 30(353):149-165, 1997 610 0 $aAlghe 610 0 $aSicilia 676 $a589.39 700 1$aAlongi,$bGiuseppina$0358168 801 0$aIT$bUNINA$gRICA$2UNIMARC 901 $aBK 912 $a990001850410403321 952 $a60 MISC. A 63/98-2$fFAGBC 959 $aFAGBC 996 $aStruttura e periodismo del popolamento a Bangia atropurpurea (Bangiales, Rhodophyta) in due stazioni della Sicilia orientale$9413458 997 $aUNINA LEADER 01278nam 2200457 450 001 9910397917003321 005 20211005111613.0 010 $a84-9085-944-2 035 $a(CKB)3710000001021026 035 $a(MiAaPQ)EBC4823824 035 $a(MiAaPQ)EBC6522253 035 $a(Au-PeEL)EBL6522253 035 $a(OCoLC)969972588 035 $a(EXLCZ)993710000001021026 100 $a20170424d2016 uy 0 101 0 $aspa 135 $aurcnu|||||||| 181 $2rdacontent 182 $2rdamedia 183 $2rdacarrier 200 10$aDerecho de dan?os $elas vi?ctimas y la compensacio?n /$fAntonio Fayos Gardo? 210 1$aMadrid :$cDykinson,$d[2016] 215 $a1 online resource (60 pa?ginas) 300 $aContiene i?ndice. 320 $aContiene bibliografi?a. 606 $aDamages$zSpain 606 $aDan?os y perjuicios$zEspan?a 606 $aLaw$zSpain 606 $aDerecho$zEspan?a 608 $aLibros electronicos. 615 0$aDamages 615 4$aDan?os y perjuicios 615 0$aLaw 615 4$aDerecho 676 $a346.4603 700 $aFayos Gardo?$b Antonio$0784583 801 0$bFINmELB 906 $aBOOK 912 $a9910397917003321 996 $aDerecho de dan?os$91901121 997 $aUNINA LEADER 01840nam2-2200493---450 001 990005663160203316 005 20200430185725.0 035 $a000566316 035 $aUSA01000566316 035 $a(ALEPH)000566316USA01 035 $a000566316 100 $a20050315d1969----|||y0itaa50------ba 101 $aita 102 $ait 105 $a0 00||| 200 1 $a<<3.: Il >> gatto Murr$fE.T.A. Hoffmann 210 $aTorino$cG. Einaudi editore$d1969 215 $a1045 p., [10] c. di tav.$cill$d22 cm 225 2 $a<> Millenni 300 $aContiene: Il piccolo Zaccheo detto Cinabro$dPunti di vista e considerazioni del gatto Murr ; La principessa Brambilla ; Maestro Pulce ; Ultimi racconti. 410 0$12001$a<> Millenni 423 $1001SA0012812$1101$aita$12001$a<> piccolo Zaccheo detto Cinabro$fE.T.A. Hoffmann. 423 $1001SA0012813$1101$aita$12001$aPunti di vista e considerazioni del gatto Murr$fE.T.A. Hoffmann. 423 $1001SA0012814$1101$aita$12001$a<> principessa Brambilla$fE.T.A. Hoffmann. 423 $1001SA0012815$1101$aita$12001$aMaestro Pulce$fE.T.A. Hoffmann. 423 $1001SA0012816$1101$aita$12001$aUltimi racconti$fE.T.A. Hoffmann. 461 0$1001000566314$12001$aRomanzi e racconti$v3 620 $dTORINO 676 $a833.6 700 1$aHOFFMANN,$bErnst Theodor Amadeus$0156317 702 1$aMAGRIS,$bClaudio$f<1939- > 702 1$aPINELLI,$bCarlo 702 1$aSPAINI,$bAlberto 702 1$aVIGOLO,$bGiorgio 801 0$aIT$bSA$c20111219 912 $a990005663160203316 950 0$aDipar.to di Filosofia - Salerno$dDFAA 833.6 HOF$e2957 FIL 951 $aAA 833.6 HOF$b2957 FIL 959 $aBK 969 $aFIL 979 $c20121027$lUSA01$h1525 979 $c20121027$lUSA01$h1615 996 $aGatto Murr$91134777 997 $aUNISA